| 000 | 00773nam a2200193 i 4500 | ||
|---|---|---|---|
| 001 | 180529 | ||
| 003 | ES-MaACL | ||
| 005 | 20230906221125.0 | ||
| 008 | 120612s1975 sp r |||| | spa d | ||
| 080 | _a553(467.12)(043.2) | ||
| 100 | 1 |
_aÁlvarez Pérez, A. _9150478 |
|
| 245 | 1 | 0 |
_aEstudio de los yacimientos de galena y esfalerita del área de Bossost (Valle de Arán, Lérida) / _cpor Aurelio Álvarez Pérez. |
| 260 |
_aBarcelona : _bUniversidad de Barcelona, Secretariado de Publicaciones, Intercambio Científico y Extensión Universitaria, _c1975. |
||
| 300 |
_a14 p., 1 h. ; _c24 cm. |
||
| 502 | _aTesis Univ. Barcelona (Extracto) | ||
| 650 | 4 |
_aYacimientos minerales. _9150460 |
|
| 710 | 2 |
_aUniversidad de Barcelona. _97141 |
|
| 852 |
_aES-MaACL _jE-15362(112) |
||
| 999 |
_c180529 _d180529 |
||